000 00812nam a2200241 i 4500
001 bg
100 1 _aBRUCHWALD, Arkadiusz
245 1 0 _aStatystyka matematyczna dla leśników /
_cArkadiusz Bruchwald ; Szkoła Główna Gospodarstwa Wiejskiego.
250 _aWyd.3 popr. i uzup.
260 _aWarszawa :
_bWydaw. SGGW,
_c1997.
300 _a255 s. :
_bil. ;
_c24 cm.
504 _aBibliogr.
650 9 _aStatystyka matematyczna
655 _aPodręczniki akademickie
020 _a8300030719
040 _cBPK
041 0 _apl
080 _a519.2(075.8)
920 _a83-00-03071-9
942 _cKS
008 s pl f |000 0 pol
999 _c42296
_d42296
856 _uhttp://koha.tu.koszalin.pl/cgi-bin/koha/opac-detail.pl?biblionumber=42296
_yKatalog online BPK